Normal view
MARC view
- Bushra Nosheen
Entry Personal Name
001 - CONTROL NUMBER
- control field: 14111
003 - CONTROL NUMBER IDENTIFIER
- control field: NUST
005 - DATE AND TIME OF LATEST TRANSACTION
- control field: 20190415113519.0
008 - FIXED-LENGTH DATA ELEMENTS
- fixed length control field: 190415|| aca||aabn | a|a d
040 ## - CATALOGING SOURCE
- Original cataloging agency: NUST
- Transcribing agency: NUST
100 ## - HEADING--PERSONAL NAME
- Personal name: Bushra Nosheen
670 ## - SOURCE DATA FOUND
- Source citation: Work cat.: (NUST): Bushra Nosheen, MS/Thesis:Quantum Chemical Studies of Organic Liquid Crystal As Semiconductor-Form Quantum Mechanics To Flexible Materials, March 2019
